000 00635nam a2200241Ia 4500
005 20260429111949.0
008 260429s9999||||xx |||||||||||||| ||und||
020 _a9780443283581
041 _aEnglish
082 _a571.96
_bABB
100 _aAbbas, Abul K.
245 0 _aCellular and molecular immunology /
_cAbul K. Abbas
250 _a11th ed.
260 _aUnited States :
_bElsevier,
_c2026.
300 _axi, 578 p.; pbk
650 _a Immunology
650 _aBiology
700 _a Baker, David L.
700 _a Henrickson, Sarah E.
700 _a Lichtman, Andrew H.
700 _a Pillai, Shiv
942 _cTB
999 _c51650
_d51650